000 00566 a2200217 4500
001 131223
003 OSt
005 20210909103140.0
008
020 _a9780706999358
082 _a541.36
_bR18I
100 1 _aRastogi, R.P.
245 1 _aAn introduction to chemical thermodynamics
_cby R.P. Rastogi and R.R. Misra
250 _a6th rev. ed.
260 _aNew Delhi
_bVikas Publishing House
_c2011
300 _a626p.
630 _aChemistry
690 _aThermodynamics
700 _aMisra, R.R.
942 _2ddc
_cBK
999 _c5747
_d5747